| 000 | 00934nam a2200169 i 4500 | ||
|---|---|---|---|
| 001 | 159933 | ||
| 003 | ES-MaACL | ||
| 005 | 20251218063015.0 | ||
| 008 | 970902s1891 sp |||| | spa d | ||
| 040 |
_aAS _bspa _cCCPB | SIC |
||
| 100 | 1 |
_aMoltke, Helmuth Karl Bernhard Graf von, _cConde de, _d1800-1891 _9130038 |
|
| 245 | 1 | 3 |
_aLa guerra Franco-prusiana (1870-71) / _cpor el general conde de Moltke. |
| 260 |
_aMadrid : _b[s.n.], _c1891 ( _fImp. de la comp. de impresores y libreros à cargo de D. Agustín Aurial) |
||
| 300 |
_a330 p. ; _c24 cm. |
||
| 852 |
_aES-MaACL _jB-3886 _z-- Enc. hol. _z-- Legado M. de la Fuente _x-- Edic.: 333 p. -- El imp. es: "Imp. ... á cargo de Agustín Avrial" -- En la cub. original consta: En el tit. "La guerra ...; traducción directa por Germán Berg y por el capitán Maximo Meyer"; en la mención de ed., 7ª ed.; y en el pie de imp.: La España Moderna |
||
| 999 |
_c159933 _d159933 |
||